|
|
|
|
| LEADER |
01268nam a2200217 a 4500 |
| 001 |
GR-MES13515 |
| 008 |
071018s gr 000 0 gre d |
| 040 |
|
|
|a GrPaTEI
|b gre
|c GR-PaULI
|
| 040 |
|
|
|a GrPaTEI
|b gre
|c GR-PaULI
|
| 082 |
|
0 |
|a 345.026 8
|2 21
|
| 100 |
1 |
|
|a Μυλωνόπουλος, Χρίστος Χ.
|
| 245 |
1 |
0 |
|a Ηλεκτρονικοί υπολογιστές και ποινικό δίκαιο :
|b Συμβολή στην ερμηνεία των άρθρων 13γ, 370Β, 370Γ και 386Α Π.Κ. (άρθρ. 2-5ω. 1805/88) /
|c Χρίστου Χ. Μυλωνόπουλου.
|
| 260 |
|
|
|a Αθήνα :
|b Αντ. Ν. Σάκκουλας,
|c 1991
|
| 300 |
|
|
|a 107σ. ;
|c 22εκ.
|
| 490 |
0 |
|
|a Ποινικά ;
|v τ.. 33
|
| 650 |
|
4 |
|a Ηλεκτρονική επεξεργασία δεδομένων
|x Δίκαιο και νομοθεσία
|
| 650 |
|
4 |
|a Ηλεκτρονικοί υπολογιστές
|x Δίκαιο και νομοθεσία
|z Ελλάς
|
| 942 |
|
|
|2 ddc
|
| 952 |
|
|
|0 0
|1 0
|2 ddc
|4 0
|6 345_026000000000000_8_ΜΥΛ
|7 0
|9 271963
|a MSLG
|b MSLG
|c BSC
|d 2021-01-17
|e 24
|f 0
|g 0.00
|l 0
|o 345.026 8 ΜΥΛ
|p 2420000013058
|r 2021-01-17 00:00:00
|t 1
|w 2021-01-17
|y BK15
|x 20071018 0 ΤΣΑΝΤΑΡΛΙΩΤΗ 1
|x GrPaTEI
|
| 971 |
|
|
|a .b25795648
|b 16-04-20
|c 13-09-16
|
| 999 |
|
|
|c 157216
|d 157216
|